Englis Lyrics in Kiss & Tell by Itzy - Statistics

General Stats
  • This quiz has been taken 2 times
  • The average score is 279 of 318
Answer Stats
Lyrics % Correct
and
100%
bet
100%
can
100%
Come
100%
come
100%
Did
100%
did
100%
do
100%
don't
100%
'em
100%
go,
100%
go
100%
good,
100%
hear
100%
how
100%
I
100%
I'm
100%
it
100%
it,
100%
It
100%
kiss
100%
know
100%
let
100%
like
100%
lips,
100%
look
100%
mwah
100%
not
100%
Nothing
100%
slide,
100%
So
100%
sorry
100%
talk,
100%
tell
100%
that?
100%
think?
100%
this
100%
wanna
100%
we
100%
what
100%
What
100%
worth
100%
you
100%
your
100%
all,
50%
ayy
50%
back
50%
been
50%
but
50%
Can't
50%
Doesn't
50%
eat
50%
focus
50%
gossip,
50%
heart,
50%
here
50%
I'll
50%
in
50%
is
50%
Keep
50%
keep
50%
leave
50%
matter
50%
me,
50%
me
50%
mind,
50%
my
50%
never
50%
now,
50%
now
50%
of
50%
on
50%
on,
50%
right,
50%
right
50%
see?
50%
sight,
50%
stop
50%
stops
50%
talking,
50%
talking
50%
We've
50%
Whatever,
50%
whoever
50%
working
50%
busy,
0%
domination
0%
more,
0%
nah
0%
saying,
0%
temptation
0%
up
0%
walking,
0%
walking
0%
worthit
0%
No matching quizzes found
Score Distribution
Percent of People with Each Score
Percentile by Number Answered
Your Score History
You have not taken this quiz